Disclosures from the records of the Dutch Reformed Church in Malacca at the National Archives of Malaysia / (Record no. 767)
[ view plain ]
| 000 -LEADER | |
|---|---|
| fixed length control field | nam a22 a 4500 |
| 005 - DATE AND TIME OF LATEST TRANSACTION | |
| control field | 20170505093945.0 |
| 008 - FIXED-LENGTH DATA ELEMENTS--GENERAL INFORMATION | |
| fixed length control field | 170505b2003 my ||||| |||| 00| 0 eng d |
| 020 ## - INTERNATIONAL STANDARD BOOK NUMBER | |
| International Standard Book Number | 9679120635 (pbk.) |
| 040 ## - CATALOGING SOURCE | |
| Original cataloging agency | AKMAL |
| 082 ## - DEWEY DECIMAL CLASSIFICATION NUMBER | |
| Classification number | 275.95 HAB |
| 090 ## - LOCALLY ASSIGNED LC-TYPE CALL NUMBER (OCLC); LOCAL CALL NUMBER (RLIN) | |
| Classification number (OCLC) (R) ; Classification number, CALL (RLIN) (NR) | 275.95 |
| Local cutter number (OCLC) ; Book number/undivided call number, CALL (RLIN) | HAB |
| 100 ## - MAIN ENTRY--PERSONAL NAME | |
| Personal name | Habibah Zon |
| Dates associated with a name | 1947- |
| 9 (RLIN) | 1663 |
| 245 ## - TITLE STATEMENT | |
| Title | Disclosures from the records of the Dutch Reformed Church in Malacca at the National Archives of Malaysia / |
| Statement of responsibility, etc. | Datoʾ Habibah Zon. |
| 260 ## - PUBLICATION, DISTRIBUTION, ETC. | |
| Place of publication, distribution, etc. | Kuala Lumpur |
| Name of publisher, distributor, etc. | National Archives of Malaysia. |
| Date of publication, distribution, etc. | 2003. |
| 300 ## - PHYSICAL DESCRIPTION | |
| Extent | ii, 40, vi p. |
| Other physical details | ill. (some col.), col. map |
| Dimensions | 23cm |
| 504 ## - BIBLIOGRAPHY, ETC. NOTE | |
| Bibliography, etc. note | Includes bibliographical references. |
| 599 ## - LOCAL NOTE | |
| Local Note | DALAM PROSES |
| 610 24 - SUBJECT ADDED ENTRY--CORPORATE NAME | |
| Corporate name or jurisdiction name as entry element | Nederlandse Hervormde Kerk. |
| 9 (RLIN) | 1664 |
| 650 ## - SUBJECT ADDED ENTRY--TOPICAL TERM | |
| Topical term or geographic name entry element | Church records and registers |
| Geographic subdivision | Malaysia. |
| 9 (RLIN) | 1665 |
| 651 ## - SUBJECT ADDED ENTRY--GEOGRAPHIC NAME | |
| Geographic name | Malacca (Malacca) |
| General subdivision | History |
| 9 (RLIN) | 1666 |
| 710 ## - ADDED ENTRY--CORPORATE NAME | |
| Corporate name or jurisdiction name as entry element | Arkib Negara Malaysia. |
| 9 (RLIN) | 1667 |
| 852 ## - LOCATION | |
| Location | British Library |
| Sublocation or collection | OC |
| 942 ## - ADDED ENTRY ELEMENTS (KOHA) | |
| Source of classification or shelving scheme | |
| Koha item type | Book |
| Withdrawn status | Lost status | Source of classification or shelving scheme | Damaged status | Not for loan | Collection code | Home library | Current library | Shelving location | Date acquired | Inventory number | Total Checkouts | Full call number | Barcode | Date last seen | Price effective from | Koha item type |
|---|---|---|---|---|---|---|---|---|---|---|---|---|---|---|---|---|
| NON-FICTION | AKMAL Melaka | AKMAL Melaka | PINJAMAN | 05.05.2017 | 200888 | 275.95 HAB | 201701695 | 05.05.2017 | 05.05.2017 | Book |
